[Event "35.Böblinger Open"]
[Site "Böblingen"]
[Date "2018.12.28"]
[Round "3.17"]
[White "Schröter, Samuel"]
[Black "Olsen, Filip Boe"]
[Result "0-1"]
[WhiteElo "2119"]
[BlackElo "2343"]
[PlyCount "60"]
[EventDate "2018.12.26"]
[EventType "swiss"]
[EventRounds "9"]
[EventCountry "GER"]
[SourceVersionDate "2018.12.27"]

{[%evp 0,54,19,28,51,27,45,21,22,33,54,35,35,41,41,24,53,46,113,91,135,63,67,
-14,14,-29,-30,-17,-22,-27,-5,-7,-8,-49,-36,-45,-48,-39,-43,-76,-79,-97,-54,
-107,-105,-107,-65,-64,-57,-45,-16,-64,-39,-117,-61,-409,-409]} 1. c4 c6 2. g3
d5 3. cxd5 cxd5 4. Bg2 Nf6 5. Nc3 Nc6 6. d3 e5 7. Bg5 Be6 8. e4 dxe4 9. dxe4 h6
10. Bxf6 Qxf6 11. Nge2 Bc5 12. O-O O-O 13. Nd5 Bxd5 14. exd5 Nd4 15. Nc3 Rac8
16. Rc1 b5 17. Kh1 Qb6 18. f4 Nf5 19. Qf3 Ne3 20. Rfe1 exf4 21. Qxf4 Bd4 22.
Bf3 Nc4 23. Nd1 Rce8 24. Rxe8 Rxe8 25. Be4 Qa5 26. Bh7+ Kxh7 27. Qxd4 Qe1+ 28.
Qg1 Qd2 29. Nc3 b4 30. Rd1 bxc3 0-1

[Event "35.Böblinger Open"]
[Site "Böblingen"]
[Date "2018.12.28"]
[Round "3.20"]
[White "Gheng, Josef"]
[Black "Geher, Koppany"]
[Result "1/2-1/2"]
[WhiteElo "2309"]
[BlackElo "2181"]
[PlyCount "92"]
[EventDate "2018.12.26"]
[EventType "swiss"]
[EventRounds "9"]
[EventCountry "GER"]
[SourceVersionDate "2018.12.27"]

{[%evp 0,54,19,28,51,27,45,21,22,33,54,35,35,41,41,24,53,46,113,91,135,63,67,
-14,14,-29,-30,-17,-22,-27,-5,-7,-8,-49,-36,-45,-48,-39,-43,-76,-79,-97,-54,
-107,-105,-107,-65,-64,-57,-45,-16,-64,-39,-117,-61,-409,-409]} 1. c4 Nf6 2.
Nf3 g6 3. g3 c6 4. Bg2 Bg7 5. O-O O-O 6. d4 d5 7. Nc3 dxc4 8. a4 Bf5 9. Ne5 Ng4
10. f4 Nxe5 11. dxe5 Qxd1 12. Rxd1 Na6 13. Be3 f6 14. exf6 exf6 15. Bf2 Rfe8
16. h3 Be6 17. e4 Bf8 18. Bf1 Bc5 19. Bxc5 Nxc5 20. Rd6 Rad8 21. Rad1 Rxd6 22.
Rxd6 Kf7 23. Rd4 Nb3 24. Rxc4 Nd2 25. Rb4 b6 26. a5 Nxf1 27. axb6 axb6 28. Kxf1
Bxh3+ 29. Kf2 b5 30. Rd4 Ke7 31. Rd1 Bg4 32. Ra1 Rd8 33. Ke3 b4 34. Ra7+ Rd7
35. Rxd7+ Bxd7 36. Na4 h5 37. Nc5 Kd6 38. Kd4 g5 39. e5+ fxe5+ 40. fxe5+ Ke7
41. Nd3 b3 42. Ke4 h4 43. gxh4 gxh4 44. Kf4 h3 45. Kg3 Bf5 46. Nc5 Be6 1/2-1/2

[Event "35.Böblinger Open"]
[Site "Böblingen"]
[Date "2018.12.28"]
[Round "3.24"]
[White "Mütsch, Annmarie"]
[Black "Dreyer, Andre"]
[Result "1-0"]
[WhiteElo "2306"]
[BlackElo "1914"]
[PlyCount "63"]
[EventDate "2018.12.26"]
[EventType "swiss"]
[EventRounds "9"]
[EventCountry "GER"]
[SourceVersionDate "2018.12.27"]

{[%evp 0,54,19,28,51,27,45,21,22,33,54,35,35,41,41,24,53,46,113,91,135,63,67,
-14,14,-29,-30,-17,-22,-27,-5,-7,-8,-49,-36,-45,-48,-39,-43,-76,-79,-97,-54,
-107,-105,-107,-65,-64,-57,-45,-16,-64,-39,-117,-61,-409,-409]} 1. Nf3 d5 2. g3
Nf6 3. Bg2 c5 4. O-O Nc6 5. d3 g6 6. Nbd2 Bg7 7. e4 dxe4 8. dxe4 O-O 9. c3 Bg4
10. h3 Bxf3 11. Qxf3 Qd7 12. Nc4 Qe6 13. Ne3 Rfd8 14. Nd5 Rac8 15. Bf4 Ne5 16.
Bxe5 Qxe5 17. Rad1 Nxd5 18. exd5 Rd6 19. Rfe1 Qf6 20. Qe4 Re8 21. Qa4 Ra8 22.
Re3 Bf8 23. Rde1 Ra6 24. Qc4 Qd6 25. a4 Rb6 26. b3 Rd8 27. h4 h6 28. R3e2 Re8
29. a5 Ra6 30. Qa4 Bg7 31. Qxe8+ Kh7 32. Rxe7 1-0

[Event "35.Böblinger Open"]
[Site "Böblingen"]
[Date "2018.12.28"]
[Round "4.1"]
[White "Ma, Qun"]
[Black "Annaberdiev, Meilis"]
[Result "1-0"]
[WhiteElo "2620"]
[BlackElo "2513"]
[PlyCount "69"]
[EventDate "2018.12.26"]
[EventType "swiss"]
[EventRounds "9"]
[EventCountry "GER"]
[SourceVersionDate "2018.12.27"]

{[%evp 0,54,19,28,51,27,45,21,22,33,54,35,35,41,41,24,53,46,113,91,135,63,67,
-14,14,-29,-30,-17,-22,-27,-5,-7,-8,-49,-36,-45,-48,-39,-43,-76,-79,-97,-54,
-107,-105,-107,-65,-64,-57,-45,-16,-64,-39,-117,-61,-409,-409]} 1. d4 Nf6 2. c4
e6 3. Nf3 d5 4. Nc3 Bb4 5. Bg5 h6 6. Bxf6 Qxf6 7. Qb3 Nc6 8. e3 dxc4 9. Qxc4
O-O 10. Bd3 Qe7 11. O-O Bd6 12. Ne4 e5 13. d5 Nb4 14. Nxd6 Qxd6 15. Rfd1 Nxd3
16. Rxd3 Bf5 17. e4 Bg4 18. Rc1 Rac8 19. Qb3 Bxf3 20. Rxf3 c5 21. Qxb7 Rb8 22.
Qxa7 Rxb2 23. h3 Qg6 24. Rf5 Re2 25. Qa4 Rb8 26. Rxe5 Rbb2 27. Rf5 Kh7 28. a3
Rbd2 29. Qc4 f6 30. Qc3 Rd4 31. Qxc5 Rexe4 32. Rf3 Qg5 33. Rg3 Qf4 34. Qc7 Re7
35. Qxe7 1-0

[Event "35.Böblinger Open"]
[Site "Böblingen"]
[Date "2018.12.28"]
[Round "4.3"]
[White "Stets, Dmitry"]
[Black "Mons, Leon"]
[Result "0-1"]
[WhiteElo "2374"]
[BlackElo "2535"]
[PlyCount "114"]
[EventDate "2018.12.26"]
[EventType "swiss"]
[EventRounds "9"]
[EventCountry "GER"]
[SourceVersionDate "2018.12.27"]

{[%evp 0,54,19,28,51,27,45,21,22,33,54,35,35,41,41,24,53,46,113,91,135,63,67,
-14,14,-29,-30,-17,-22,-27,-5,-7,-8,-49,-36,-45,-48,-39,-43,-76,-79,-97,-54,
-107,-105,-107,-65,-64,-57,-45,-16,-64,-39,-117,-61,-409,-409]} 1. e4 e5 2. Nf3
Nc6 3. Bb5 g6 4. d4 exd4 5. Bg5 Be7 6. Bxe7 Qxe7 7. O-O Qc5 8. Bxc6 dxc6 9.
Qxd4 Qxd4 10. Nxd4 Bd7 11. Nc3 O-O-O 12. Rad1 Nh6 13. f3 Rhe8 14. Rfe1 f6 15.
Kf2 Nf7 16. Nde2 Nd6 17. Nf4 Nc4 18. Rd4 Nd6 19. Rd2 Re7 20. Nd3 Nc4 21. Rde2
Be6 22. Nd1 a5 23. a3 b6 24. Ne3 Red7 25. f4 Nd6 26. Kf3 Nb5 27. Kf2 c5 28. f5
Bf7 29. Nf4 Nd6 30. Kf3 g5 31. Nfd5 Nxe4 32. Kxe4 Bxd5+ 33. Nxd5 Rxd5 34. g4 h5
35. gxh5 Re5+ 36. Kf3 Rxf5+ 37. Kg3 g4 38. Rf2 Rxf2 39. Kxf2 Rh8 40. Kg3 Rxh5
41. Re7 Rh3+ 42. Kg2 f5 43. Rf7 Rf3 44. h4 Rh3 45. Rxf5 Rxh4 46. Rf4 Kd7 47.
Kg3 Rh1 48. Kxg4 Rh2 49. Rc4 Ke6 50. a4 Kd5 51. b3 c6 52. Rc3 Kd4 53. Rd3+ Ke4
54. Rc3 Rg2+ 55. Kh3 Rd2 56. Kg3 Kd4 57. Rc4+ Ke3 0-1

[Event "35.Böblinger Open"]
[Site "Böblingen"]
[Date "2018.12.28"]
[Round "4.4"]
[White "Stijve, Theo"]
[Black "Dann, Matthias"]
[Result "0-1"]
[WhiteElo "2339"]
[BlackElo "2539"]
[PlyCount "58"]
[EventDate "2018.12.26"]
[EventType "swiss"]
[EventRounds "9"]
[EventCountry "GER"]
[SourceVersionDate "2018.12.27"]

{[%evp 0,54,19,28,51,27,45,21,22,33,54,35,35,41,41,24,53,46,113,91,135,63,67,
-14,14,-29,-30,-17,-22,-27,-5,-7,-8,-49,-36,-45,-48,-39,-43,-76,-79,-97,-54,
-107,-105,-107,-65,-64,-57,-45,-16,-64,-39,-117,-61,-409,-409]} 1. e4 e6 2. d4
d5 3. Nc3 Nf6 4. e5 Nfd7 5. f4 c5 6. Nf3 Nc6 7. Be3 a6 8. Ne2 Be7 9. c3 O-O 10.
g3 f6 11. Bh3 fxe5 12. Bxe6+ Kh8 13. Bxd5 cxd4 14. Bxc6 bxc6 15. cxd4 exf4 16.
gxf4 Nf6 17. O-O Bh3 18. Re1 Nd5 19. Qd2 Rc8 20. Rac1 Bb4 21. Nc3 c5 22. Ne5
Be6 23. Nd3 Rf6 24. Nxb4 Rg6+ 25. Kh1 cxb4 26. Ne4 Nxe3 27. Rxc8 Qxc8 28. Rxe3
Bd5 29. Qd1 Qf5 0-1

[Event "35.Böblinger Open"]
[Site "Böblingen"]
[Date "2018.12.28"]
[Round "4.5"]
[White "Noe, Christopher"]
[Black "Neukirchner, Pascal"]
[Result "1/2-1/2"]
[WhiteElo "2532"]
[BlackElo "2306"]
[PlyCount "89"]
[EventDate "2018.12.26"]
[EventType "swiss"]
[EventRounds "9"]
[EventCountry "GER"]
[SourceVersionDate "2018.12.27"]

{[%evp 0,54,19,28,51,27,45,21,22,33,54,35,35,41,41,24,53,46,113,91,135,63,67,
-14,14,-29,-30,-17,-22,-27,-5,-7,-8,-49,-36,-45,-48,-39,-43,-76,-79,-97,-54,
-107,-105,-107,-65,-64,-57,-45,-16,-64,-39,-117,-61,-409,-409]} 1. c4 c5 2. Nc3
Nf6 3. Nf3 Nc6 4. e3 e6 5. d4 cxd4 6. Nxd4 Bb4 7. Ndb5 d5 8. a3 Bxc3+ 9. Nxc3
O-O 10. Be2 dxc4 11. Bxc4 Qxd1+ 12. Nxd1 Bd7 13. Nc3 Ne5 14. Be2 Bc6 15. f3
Rfd8 16. e4 Nd3+ 17. Bxd3 Rxd3 18. Ke2 Rad8 19. Be3 a6 20. Rhc1 Ne8 21. b4 f5
22. e5 Nc7 23. a4 h6 24. Rab1 g5 25. Rb2 R3d7 26. Bb6 Ra8 27. b5 axb5 28. axb5
Bd5 29. Rb4 Ra3 30. Ke1 Ne8 31. Rd4 Kf7 32. Kd2 Ng7 33. h4 Kg6 34. hxg5 hxg5
35. g4 Ra8 36. Rg1 Rh8 37. f4 fxg4 38. Rxg4 Rh5 39. Rd3 Kf5 40. Rxg5+ Rxg5 41.
fxg5 Kxe5 42. Bd4+ Kf5 43. Nxd5 exd5 44. Bxg7 Rxg7 45. Rxd5+ 1/2-1/2

[Event "35.Böblinger Open"]
[Site "Böblingen"]
[Date "2018.12.28"]
[Round "4.8"]
[White "Junesch, Gerhard"]
[Black "Rosner, Jonas"]
[Result "1/2-1/2"]
[WhiteElo "2307"]
[BlackElo "2424"]
[PlyCount "50"]
[EventDate "2018.12.26"]
[EventType "swiss"]
[EventRounds "9"]
[EventCountry "GER"]
[SourceVersionDate "2018.12.27"]

{[%evp 0,54,19,28,51,27,45,21,22,33,54,35,35,41,41,24,53,46,113,91,135,63,67,
-14,14,-29,-30,-17,-22,-27,-5,-7,-8,-49,-36,-45,-48,-39,-43,-76,-79,-97,-54,
-107,-105,-107,-65,-64,-57,-45,-16,-64,-39,-117,-61,-409,-409]} 1. Nf3 d5 2. d4
Nf6 3. c4 e6 4. Nc3 Be7 5. Bf4 O-O 6. e3 b6 7. Bd3 dxc4 8. Bxc4 Ba6 9. Qe2 Bxc4
10. Qxc4 c5 11. dxc5 Bxc5 12. O-O Qc8 13. Ne4 Nbd7 14. Rfc1 Nxe4 15. Qxe4 Nf6
16. Qa4 Qd7 17. Qxd7 Nxd7 18. Ne5 Nxe5 19. Bxe5 Rfd8 20. Rd1 f6 21. Bc3 Kf7 22.
Kf1 b5 23. Rxd8 Rxd8 24. Rc1 Bb6 25. Ke2 h5 1/2-1/2

[Event "35.Böblinger Open"]
[Site "Böblingen"]
[Date "2018.12.28"]
[Round "4.9"]
[White "Hacker, Jonas"]
[Black "Mütsch, Annmarie"]
[Result "1/2-1/2"]
[WhiteElo "2373"]
[BlackElo "2306"]
[PlyCount "93"]
[EventDate "2018.12.26"]
[EventType "swiss"]
[EventRounds "9"]
[EventCountry "GER"]
[SourceVersionDate "2018.12.27"]

{[%evp 0,54,19,28,51,27,45,21,22,33,54,35,35,41,41,24,53,46,113,91,135,63,67,
-14,14,-29,-30,-17,-22,-27,-5,-7,-8,-49,-36,-45,-48,-39,-43,-76,-79,-97,-54,
-107,-105,-107,-65,-64,-57,-45,-16,-64,-39,-117,-61,-409,-409]} 1. e4 c5 2. Nf3
Nc6 3. d4 cxd4 4. Nxd4 e5 5. Nb5 d6 6. N1c3 a6 7. Na3 b5 8. Nd5 Nge7 9. c4 Nxd5
10. cxd5 Nd4 11. Bd3 g6 12. O-O Bg7 13. Nc2 O-O 14. Be3 Kh8 15. Rc1 f5 16. f3
Bd7 17. Qd2 f4 18. Bf2 g5 19. Nxd4 exd4 20. Qb4 Qb6 21. a4 a5 22. Qb3 Rab8 23.
axb5 Bxb5 24. Rfd1 Bxd3 25. Qxd3 Qxb2 26. Bxd4 Bxd4+ 27. Qxd4+ Qxd4+ 28. Rxd4
Rfc8 29. Rc6 Rb1+ 30. Kf2 Rc1 31. Rxc1 Rxc1 32. e5 dxe5 33. d6 Rc8 34. Rd5 Rd8
35. h4 gxh4 36. Rxa5 Rxd6 37. Rxe5 Rh6 38. Rf5 h3 39. gxh3 Rxh3 40. Rxf4 Kg7
41. Ke3 Rh5 42. Ra4 Rb5 43. Ra6 Kf7 44. f4 Kg7 45. Ke4 Kf7 46. f5 Rb1 47. Ra7+
1/2-1/2

[Event "35.Böblinger Open"]
[Site "Böblingen"]
[Date "2018.12.28"]
[Round "4.10"]
[White "Ruff, Maximilian"]
[Black "Nothnagel, Marian Can"]
[Result "1/2-1/2"]
[WhiteElo "2306"]
[BlackElo "2364"]
[PlyCount "56"]
[EventDate "2018.12.26"]
[EventType "swiss"]
[EventRounds "9"]
[EventCountry "GER"]
[SourceVersionDate "2018.12.27"]

{[%evp 0,54,19,28,51,27,45,21,22,33,54,35,35,41,41,24,53,46,113,91,135,63,67,
-14,14,-29,-30,-17,-22,-27,-5,-7,-8,-49,-36,-45,-48,-39,-43,-76,-79,-97,-54,
-107,-105,-107,-65,-64,-57,-45,-16,-64,-39,-117,-61,-409,-409]} 1. d4 Nf6 2. c4
g6 3. Nc3 Bg7 4. e4 d6 5. Be2 O-O 6. Be3 e5 7. d5 Na6 8. g4 Nc5 9. f3 h5 10. h3
Bd7 11. b4 Na6 12. a3 Nh7 13. Qd2 f5 14. O-O-O Qh4 15. gxf5 gxf5 16. Rh2 Qg3
17. Bd3 f4 18. Qf2 h4 19. Bd2 Qxf2 20. Rxf2 Bf6 21. Be1 Kf7 22. Rc2 Rg8 23. Bf2
Be7 24. Bf1 Rg6 25. Kb2 Rag8 26. Nge2 Ng5 27. Ng1 Nh7 28. Nge2 Ng5 1/2-1/2

[Event "35.Böblinger Open"]
[Site "Böblingen"]
[Date "2018.12.28"]
[Round "4.12"]
[White "Olsen, Filip Boe"]
[Black "Schmid, Roland"]
[Result "1-0"]
[WhiteElo "2343"]
[BlackElo "2292"]
[PlyCount "93"]
[EventDate "2018.12.26"]
[EventType "swiss"]
[EventRounds "9"]
[EventCountry "GER"]
[SourceVersionDate "2018.12.27"]

{[%evp 0,54,19,28,51,27,45,21,22,33,54,35,35,41,41,24,53,46,113,91,135,63,67,
-14,14,-29,-30,-17,-22,-27,-5,-7,-8,-49,-36,-45,-48,-39,-43,-76,-79,-97,-54,
-107,-105,-107,-65,-64,-57,-45,-16,-64,-39,-117,-61,-409,-409]} 1. d4 d5 2. c4
c6 3. Nf3 e6 4. e3 f5 5. Bd3 Nf6 6. O-O Bd6 7. b3 Qe7 8. Bb2 O-O 9. Nc3 Bd7 10.
Qc2 Ne4 11. Ne2 Be8 12. Ne5 Na6 13. Qd1 Nb4 14. f3 Bxe5 15. dxe5 Nc5 16. Ba3 a5
17. Qd2 Qc7 18. Bxb4 axb4 19. f4 Bf7 20. Nd4 dxc4 21. Bxc4 Qb6 22. Nc2 Rfd8 23.
Qxb4 Qxb4 24. Nxb4 Ne4 25. Rfd1 Rxd1+ 26. Rxd1 c5 27. Nc2 Nc3 28. Rd7 b5 29.
Bd3 Be8 30. Rc7 Rxa2 31. Rxc5 Nd5 32. g3 Rb2 33. e4 fxe4 34. Bxe4 Bg6 35. Bxd5
exd5 36. Nd4 Be4 37. e6 Kf8 38. Rc7 Bg6 39. Nxb5 Rb1+ 40. Kf2 Rb2+ 41. Ke1 Rb1+
42. Kd2 Rb2+ 43. Kc3 Re2 44. f5 Bh5 45. Nd6 Re1 46. e7+ Rxe7 47. Rc8+ 1-0

[Event "35.Böblinger Open"]
[Site "Böblingen"]
[Date "2018.12.28"]
[Round "4.13"]
[White "Carow, Johannes"]
[Black "Neyman, Igor"]
[Result "1-0"]
[WhiteElo "2439"]
[BlackElo "2287"]
[PlyCount "39"]
[EventDate "2018.12.26"]
[EventType "swiss"]
[EventRounds "9"]
[EventCountry "GER"]
[SourceVersionDate "2018.12.27"]

{[%evp 0,54,19,28,51,27,45,21,22,33,54,35,35,41,41,24,53,46,113,91,135,63,67,
-14,14,-29,-30,-17,-22,-27,-5,-7,-8,-49,-36,-45,-48,-39,-43,-76,-79,-97,-54,
-107,-105,-107,-65,-64,-57,-45,-16,-64,-39,-117,-61,-409,-409]} 1. c4 Nf6 2.
Nc3 e6 3. Nf3 d5 4. e3 Bd6 5. b3 c6 6. Bb2 a6 7. d4 O-O 8. Bd3 dxc4 9. bxc4 c5
10. O-O Nbd7 11. Re1 Re8 12. Ng5 h6 13. Nge4 Bf8 14. Qf3 Nxe4 15. Nxe4 Qc7 16.
d5 Rb8 17. Ng5 Re7 18. Rad1 exd5 19. cxd5 Ne5 20. Qg3 1-0

[Event "35.Böblinger Open"]
[Site "Böblingen"]
[Date "2018.12.28"]
[Round "4.20"]
[White "Siddharth, Jagadeesh"]
[Black "Kostic, Vladimir G"]
[Result "1/2-1/2"]
[WhiteElo "2240"]
[BlackElo "2326"]
[PlyCount "40"]
[EventDate "2018.12.26"]
[EventType "swiss"]
[EventRounds "9"]
[EventCountry "GER"]
[SourceVersionDate "2018.12.27"]

{[%evp 0,54,19,28,51,27,45,21,22,33,54,35,35,41,41,24,53,46,113,91,135,63,67,
-14,14,-29,-30,-17,-22,-27,-5,-7,-8,-49,-36,-45,-48,-39,-43,-76,-79,-97,-54,
-107,-105,-107,-65,-64,-57,-45,-16,-64,-39,-117,-61,-409,-409]} 1. d4 d5 2. c4
e6 3. Nf3 c5 4. cxd5 exd5 5. g3 Nc6 6. Bg2 Nf6 7. O-O Be7 8. Nc3 O-O 9. Bg5
cxd4 10. Nxd4 h6 11. Be3 Re8 12. Qa4 Bd7 13. Nxd5 Nxd5 14. Bxd5 Nb4 15. Qb3
Nxd5 16. Qxd5 Bh3 17. Qxd8 Raxd8 18. Rfd1 Bf6 19. Rd2 Bg4 20. Re1 a6 1/2-1/2

[Event "35.Böblinger Open"]
[Site "Böblingen"]
[Date "2018.12.28"]
[Round "4.30"]
[White "Klein, Felix"]
[Black "Tran, Thanh Kien"]
[Result "1-0"]
[WhiteElo "2329"]
[BlackElo "2110"]
[PlyCount "101"]
[EventDate "2018.12.26"]
[EventType "swiss"]
[EventRounds "9"]
[EventCountry "GER"]
[SourceVersionDate "2018.12.27"]

{[%evp 0,54,19,28,51,27,45,21,22,33,54,35,35,41,41,24,53,46,113,91,135,63,67,
-14,14,-29,-30,-17,-22,-27,-5,-7,-8,-49,-36,-45,-48,-39,-43,-76,-79,-97,-54,
-107,-105,-107,-65,-64,-57,-45,-16,-64,-39,-117,-61,-409,-409]} 1. e4 c5 2. Nf3
d6 3. d4 cxd4 4. Nxd4 Nf6 5. Nc3 a6 6. Be3 e5 7. Nf3 Qc7 8. a4 Be6 9. Be2 Be7
10. O-O h6 11. a5 Nbd7 12. Nd5 Qc6 13. Nxe7 Kxe7 14. Nd2 d5 15. exd5 Nxd5 16.
Bf3 Nxe3 17. fxe3 Bd5 18. Bxd5 Qxd5 19. c4 Qc6 20. Qh5 Qe6 21. Ne4 Rhd8 22.
Rad1 Nf8 23. Nc3 Rxd1 24. Rxd1 Rc8 25. Qf3 Qc6 26. Rd5 f6 27. b3 Ne6 28. Ne4
Rd8 29. Qd1 Qc7 30. Nc3 Kf7 31. h3 Rxd5 32. Qxd5 Ke7 33. b4 Qd7 34. Qe4 Kf7 35.
Nd5 Qc6 36. Qd3 Nc7 37. Nc3 Ne6 38. b5 Qc7 39. Qd5 Ke7 40. b6 Qd7 41. Qf3 Nd8
42. Nd5+ Kf7 43. Qh5+ Kf8 44. e4 Nc6 45. Qf3 Qd6 46. Qg4 Qc5+ 47. Kh2 Nxa5 48.
Qd7 Kg8 49. Ne7+ Kh7 50. Qf5+ Kh8 51. Qe6 1-0

[Event "35.Böblinger Open"]
[Site "Böblingen"]
[Date "2018.12.29"]
[Round "5.2"]
[White "Andersen, Mads"]
[Black "Panneerselvam, Iniyan"]
[Result "0-1"]
[WhiteElo "2605"]
[BlackElo "2462"]
[PlyCount "104"]
[EventDate "2018.12.26"]
[EventType "swiss"]
[EventRounds "9"]
[EventCountry "GER"]
[SourceVersionDate "2018.12.27"]

{[%evp 0,54,19,28,51,27,45,21,22,33,54,35,35,41,41,24,53,46,113,91,135,63,67,
-14,14,-29,-30,-17,-22,-27,-5,-7,-8,-49,-36,-45,-48,-39,-43,-76,-79,-97,-54,
-107,-105,-107,-65,-64,-57,-45,-16,-64,-39,-117,-61,-409,-409]} 1. d4 Nf6 2. c4
g6 3. Nc3 Bg7 4. e4 d6 5. Nf3 O-O 6. Be2 Nc6 7. d5 Nb8 8. h3 a5 9. O-O Na6 10.
Be3 Nd7 11. Nd4 Ndc5 12. Qd2 e5 13. dxe6 fxe6 14. Ndb5 b6 15. Rad1 Bb7 16. f3
Qh4 17. Bg5 Qg3 18. f4 h6 19. Rf3 Qxf3 20. Bxf3 hxg5 21. fxg5 Be5 22. Nd4 Bf4
23. Qe1 Nb4 24. Qe2 Nc6 25. Nxc6 Bxc6 26. Qe1 Kg7 27. h4 Be5 28. b3 Rf7 29. Ne2
Rh8 30. Nd4 Bxd4+ 31. Rxd4 e5 32. Rd2 Rf4 33. Qe3 Bxe4 34. Bxe4 Rxe4 35. Qf3
Rf8 36. Qg3 Ne6 37. Rf2 Nd4 38. h5 gxh5 39. Kf1 Nf5 40. Qd3 h4 41. Qb1 Ng3+ 42.
Kg1 Ref4 43. Rf3 e4 44. Qb2+ Kg6 45. Rxf4 Rxf4 46. Kh2 e3 47. Qh8 e2 48. Kh3
Kxg5 49. Qg7+ Kf5 50. Qxc7 Re4 51. Qc8+ Kf4 52. Qh8 Nf5 0-1

[Event "35.Böblinger Open"]
[Site "Böblingen"]
[Date "2018.12.29"]
[Round "5.3"]
[White "Dann, Matthias"]
[Black "Ochsner, Bjørn Møller"]
[Result "1-0"]
[WhiteElo "2539"]
[BlackElo "2457"]
[PlyCount "127"]
[EventDate "2018.12.26"]
[EventType "swiss"]
[EventRounds "9"]
[EventCountry "GER"]
[SourceVersionDate "2018.12.27"]

{[%evp 0,54,19,28,51,27,45,21,22,33,54,35,35,41,41,24,53,46,113,91,135,63,67,
-14,14,-29,-30,-17,-22,-27,-5,-7,-8,-49,-36,-45,-48,-39,-43,-76,-79,-97,-54,
-107,-105,-107,-65,-64,-57,-45,-16,-64,-39,-117,-61,-409,-409]} 1. e4 e5 2. Nf3
Nc6 3. Bc4 Bc5 4. c3 Nf6 5. d4 exd4 6. e5 d5 7. Bb5 Ne4 8. cxd4 Bb6 9. h3 O-O
10. O-O Bd7 11. Ba4 Qe8 12. Bb3 Be6 13. Nc3 Rd8 14. Re1 Qd7 15. Be3 h6 16. Qd3
Bf5 17. Qe2 Nxc3 18. bxc3 Na5 19. Nh4 Nxb3 20. Nxf5 Qxf5 21. axb3 a6 22. g4 Qe6
23. f4 f5 24. Kh2 Rc8 25. b4 c6 26. Rg1 Bd8 27. Rg2 Rc7 28. Rag1 Kh7 29. gxf5
Qxf5 30. Qg4 Re7 31. Rg3 Rff7 32. R1g2 Kh8 33. Qd1 Qe4 34. Qg1 Rc7 35. Bd2 Qf5
36. Qe3 Kh7 37. Qe2 Kh8 38. Qg4 Rce7 39. Qe2 Rc7 40. Rg4 Rce7 41. Qe3 Rc7 42.
Qg3 Kh7 43. Be3 Kh8 44. h4 Rce7 45. Rg6 h5 46. e6 Qxe6 47. Rxe6 Rxe6 48. f5 Re4
49. Qg6 Rxh4+ 50. Kg1 Kg8 51. Bg5 Bxg5 52. Rxg5 Re7 53. f6 Rf7 54. Kg2 Re4 55.
fxg7 Re2+ 56. Kh3 Re3+ 57. Rg3 Rxg3+ 58. Qxg3 Rxg7 59. Qb8+ Kh7 60. Kh4 Kg6 61.
Qd6+ Kf5 62. Qe5+ Kg6 63. Qe6+ Kh7 64. Kxh5 1-0

[Event "35.Böblinger Open"]
[Site "Böblingen"]
[Date "2018.12.29"]
[Round "5.4"]
[White "Noe, Christopher"]
[Black "Olsen, Filip Boe"]
[Result "1-0"]
[WhiteElo "2532"]
[BlackElo "2343"]
[PlyCount "119"]
[EventDate "2018.12.26"]
[EventType "swiss"]
[EventRounds "9"]
[EventCountry "GER"]
[SourceVersionDate "2018.12.27"]

{[%evp 0,54,19,28,51,27,45,21,22,33,54,35,35,41,41,24,53,46,113,91,135,63,67,
-14,14,-29,-30,-17,-22,-27,-5,-7,-8,-49,-36,-45,-48,-39,-43,-76,-79,-97,-54,
-107,-105,-107,-65,-64,-57,-45,-16,-64,-39,-117,-61,-409,-409]} 1. d4 Nf6 2. c4
e6 3. Nc3 Bb4 4. e3 O-O 5. Bd3 c5 6. Nf3 d5 7. cxd5 exd5 8. O-O c4 9. Bc2 Bg4
10. Qe1 Bxf3 11. gxf3 Nc6 12. Kh1 Re8 13. Qd1 g6 14. Rg1 a6 15. Qf1 Qd7 16. Qg2
Rad8 17. f4 Ne7 18. Qg5 Kg7 19. f5 Neg8 20. f3 Ne7 21. e4 dxe4 22. fxe4 Qxd4
23. Be3 Qd6 24. Bf4 Qc6 25. Rg2 Nfg8 26. e5 f6 27. Qg3 Rd3 28. Bxd3 cxd3 29.
fxg6 Nxg6 30. Rf1 Kh8 31. exf6 Nxf6 32. Bg5 Bxc3 33. bxc3 Ne4 34. Qe3 Nxg5 35.
Qxg5 Qxc3 36. Qd5 Qe5 37. Qxb7 Rd8 38. Rf7 Qh5 39. Rd7 Re8 40. Rxd3 Re1+ 41.
Rg1 Rxg1+ 42. Kxg1 Qc5+ 43. Kf1 Qc1+ 44. Kf2 Qc2+ 45. Ke3 Qc1+ 46. Kd4 Qg1+ 47.
Kc3 Qc1+ 48. Kb4 Qb2+ 49. Rb3 Qxa2 50. Qc8+ Kg7 51. Qd7+ Kg8 52. Qd5+ Kg7 53.
Qd4+ Kg8 54. Qb2 Qxb2 55. Rxb2 Kg7 56. Kc3 Kh6 57. Kd3 Kg5 58. Ke2 Kg4 59. Kf1
Nf4 60. Ra2 1-0

[Event "35.Böblinger Open"]
[Site "Böblingen"]
[Date "2018.12.29"]
[Round "5.5"]
[White "Annaberdiev, Meilis"]
[Black "Arnold, Max"]
[Result "1-0"]
[WhiteElo "2513"]
[BlackElo "2311"]
[PlyCount "117"]
[EventDate "2018.12.26"]
[EventType "swiss"]
[EventRounds "9"]
[EventCountry "GER"]
[SourceVersionDate "2018.12.27"]

{[%evp 0,54,19,28,51,27,45,21,22,33,54,35,35,41,41,24,53,46,113,91,135,63,67,
-14,14,-29,-30,-17,-22,-27,-5,-7,-8,-49,-36,-45,-48,-39,-43,-76,-79,-97,-54,
-107,-105,-107,-65,-64,-57,-45,-16,-64,-39,-117,-61,-409,-409]} 1. e4 e5 2. Nf3
Nc6 3. Bc4 Bc5 4. d3 Nf6 5. Bg5 h6 6. Bh4 d6 7. c3 a6 8. a4 Ba7 9. O-O g5 10.
Bg3 Qe7 11. b4 Nd7 12. b5 Na5 13. Bd5 h5 14. h4 g4 15. Nfd2 c6 16. bxc6 bxc6
17. Ba2 Nf8 18. Na3 Ng6 19. d4 O-O 20. Ndc4 Nxc4 21. Nxc4 Kh7 22. dxe5 dxe5 23.
Qd6 f6 24. Rfd1 Rb8 25. Kf1 Be6 26. Na5 Bxa2 27. Qxe7+ Nxe7 28. Rxa2 Rfd8 29.
Rxd8 Rxd8 30. Ke2 Kg6 31. Rb2 Rd7 32. Nc4 Nc8 33. Bxe5 Re7 34. Bb8 Rxe4+ 35.
Kd3 Re7 36. Bxa7 Rxa7 37. g3 Rd7+ 38. Kc2 Nd6 39. Nd2 Re7 40. Kd3 Rd7 41. Ke3
Re7+ 42. Kd3 Rd7 43. Nc4 Kf5 44. Ne3+ Ke5 45. Rb8 Ne4+ 46. Kc4 Nxf2 47. Re8+
Kd6 48. Nf5+ Kc7 49. Re6 Rd5 50. Nd4 Rd6 51. Re7+ Rd7 52. Re1 f5 53. Nxf5 Nd3
54. Re6 Nb2+ 55. Kb3 Nd3 56. Rh6 Rd5 57. Nd4 c5 58. Kc4 Nb4 59. Ne6+ 1-0